000 00284nam a2200121Ia 4500
008 190216s9999||||xx |||||||||||||| ||und||
100 _aJudith Verity
245 0 _aEssentials Succeeding At Interviews
260 _bViva Book
_c2007
300 _a76
650 _aEnglish
942 _cBK
999 _c14442
_d14442